Philosophical and theoretical perspectives for advanced nursing practice/ (Record no. 60336)

MARC details
000 -LEADER
fixed length control field 04160cam a22004694a 4500
001 - CONTROL NUMBER
control field 14227394
005 - DATE AND TIME OF LATEST TRANSACTION
control field 20260413091338.0
008 - FIXED-LENGTH DATA ELEMENTS--GENERAL INFORMATION
fixed length control field 060110s2006 maua b 001 0 eng
010 ## - LIBRARY OF CONGRESS CONTROL NUMBER
LC control number 2006000742
016 7# - NATIONAL BIBLIOGRAPHIC AGENCY CONTROL NUMBER
Record control number 101264902
Source DNLM
020 ## - INTERNATIONAL STANDARD BOOK NUMBER
International Standard Book Number 0763740306
020 ## - INTERNATIONAL STANDARD BOOK NUMBER
International Standard Book Number 9780763740306
035 ## - SYSTEM CONTROL NUMBER
System control number 14227394
035 ## - SYSTEM CONTROL NUMBER
System control number (OCoLC)62885443
042 ## - AUTHENTICATION CODE
Authentication code pcc
050 00 - LIBRARY OF CONGRESS CALL NUMBER
Classification number RT84.5
Item number .P53 2006
060 00 - NATIONAL LIBRARY OF MEDICINE CALL NUMBER
Classification number 2006 D-684
060 10 - NATIONAL LIBRARY OF MEDICINE CALL NUMBER
Classification number WY 86
Item number P56 2006
082 00 - DEWEY DECIMAL CLASSIFICATION NUMBER
Classification number 610.73/01
Edition number 22
245 00 - TITLE STATEMENT
Title Philosophical and theoretical perspectives for advanced nursing practice/
250 ## - EDITION STATEMENT
Edition statement 4th ed. /
260 ## - PUBLICATION, DISTRIBUTION, ETC. (IMPRINT)
Place of publication, distribution, etc Sudbury, Mass. :
Name of publisher, distributor, etc Jones and Bartlett Publishers,
Date of publication, distribution, etc c2006.
300 ## - PHYSICAL DESCRIPTION
Extent xi, 321 p. :
Other physical details ill. ;
Dimensions 23 cm.
500 ## - GENERAL NOTE
General note "Previous editions edited by the late Janet W. Kenney."
504 ## - BIBLIOGRAPHY, ETC. NOTE
Bibliography, etc Includes bibliographical references and index.
505 0# - FORMATTED CONTENTS NOTE
Formatted contents note Values-based practice and evidence-based care : pursuing fundamental questions in nursing philosophy and theory / William K. Cody -- Structuring nursing knowledge : a priority for creating nursing's future / Rozella M. Schlotfeldt -- Fundamental patterns of knowing in nursing / Barbara A. Carper -- Multiple paradigms of nursing science / Elizabeth J. Monti and Martha S. Tingen -- What constitutes nursing science? / John R. Phillips -- The state of nursing science : hallmarks of the 20th and 21st centuries / Jacqueline Fawcett -- The state of nursing science : reconceptualizing for the 21st century / Mary Cipriano Silva -- Nursing science : the transformation of practice / Rosemarie Rizzo Parse -- The nurse scholar of the 21st century / Sandra Schmidt Bunkers -- Professionalism and the evolution of nursing as a discipline : a feminist perspective / Judith Wuest -- Nursing science in the global community / Shaké Ketefian and Richard W. Redman --
505 0# - FORMATTED CONTENTS NOTE
Formatted contents note A global perspective on domestic and international tensions in knowledge development / Kim Lutzen -- Nursing theory-based practice : what it is and what it is not / William K. Cody -- Nursing, the ontology of the discipline / Pamela G. Reed -- A dialectical examination of nursing art / Joy L. Johnson -- Expressing health through lifestyle patterns / Nola J. Pender -- Healing as appreciating wholeness / W. Richard Cowling, III -- Relational narrative : the postmodern turn in nursing ethics / Sally Gadow -- Thinking upstream : nurturing a conceptual understanding of the societal context of health behavior / Patricia G. Butterfield -- Environmental paradigms : moving toward an ecocentric perspective / Doroty Kleffel -- Reframing outcomes : enhancing personhood / Anne Boykin and Savina Schoenhofer --
505 0# - FORMATTED CONTENTS NOTE
Formatted contents note A conceptual framework for person-centred practice with older people / Brendan McCormack -- Post-positivistic critical muliplism : a beginning dialogue / Nicole Letourneau and Marion Allen -- Esthetic and personal knowing through humanistic nursing / Dianne Pelletier Raymond -- Nursing knowledge and human science: ontological and epistemological considerations / Gail J. Mitchell and William K. Cody -- On nursing theories and evidence / Jacqueline Fawcett ... [et al.] -- The notion of evidence in evidence-based practice / Donna M. Romyn ... [et al.] -- Evidence-based practice : critique and alternative view / Gail J. Mitchell -- Critical thinking and theory-based practice / Ellen Clark Birx -- The circle of caring : a transformative model of advanced practice nursing / Lynne M. Dunphy and Jill E. Winland-Brown -- Theory-based advanced nursing practice / Janet W. Kenney.
650 #0 - SUBJECT ADDED ENTRY--TOPICAL TERM
Topical term or geographic name as entry element Nursing
General subdivision Philosophy.
650 #0 - SUBJECT ADDED ENTRY--TOPICAL TERM
Topical term or geographic name as entry element Nursing models.
650 12 - SUBJECT ADDED ENTRY--TOPICAL TERM
Topical term or geographic name as entry element Nursing Theory.
650 22 - SUBJECT ADDED ENTRY--TOPICAL TERM
Topical term or geographic name as entry element Nursing
General subdivision trends.
650 22 - SUBJECT ADDED ENTRY--TOPICAL TERM
Topical term or geographic name as entry element Nursing Research.
650 22 - SUBJECT ADDED ENTRY--TOPICAL TERM
Topical term or geographic name as entry element Philosophy, Nursing.
700 1# - ADDED ENTRY--PERSONAL NAME
Personal name Cody, William K.
700 1# - ADDED ENTRY--PERSONAL NAME
Personal name Kenney, Janet W.
856 41 - ELECTRONIC LOCATION AND ACCESS
Materials specified Table of contents only
Uniform Resource Identifier <a href="http://www.loc.gov/catdir/toc/ecip066/2006000742.html">http://www.loc.gov/catdir/toc/ecip066/2006000742.html</a>
906 ## - LOCAL DATA ELEMENT F, LDF (RLIN)
a 7
b cbc
c orignew
d 1
e ecip
f 20
g y-gencatlg
942 ## - ADDED ENTRY ELEMENTS (KOHA)
Source of classification or shelving scheme Library of Congress Classification
Item type Book
Holdings
Withdrawn status Lost status Source of classification or shelving scheme Damaged status Not for loan Collection code Home library Current library Shelving location Date acquired Source of acquisition Cost, normal purchase price Total Checkouts Full call number Barcode Date last seen Copy number Price effective from Koha item type
    Library of Congress Classification   Not For Loan Non-fiction Bishop Okullu Memorial Library (Limuru Campus) Bishop Okullu Memorial Library (Limuru Campus) Processing Center 13/04/2026 Donation- Pittsburgh 2595.00   RT84.5 .P53 2006 073296 13/04/2026 1 13/04/2026 Book